000 00425nam a2200181Ia 4500
005 20240823023747.0
008 240823s9999||||xx |||||||||||||| ||und||
041 _aENGLISH
082 _A005.265 N3
100 _a"Norton,Peter"
245 0 _aInside the IBM PC and PS/2
250 _a1st
260 _c1993
_b"PHI,New Delhi"
500 _aYES
650 _aIBM
_bInformation Technology
942 _cBK
999 _c182315
_d182315